| 000 | 00891nas a2200289 4500 | ||
|---|---|---|---|
| 001 | BR7901726 | ||
| 003 | BR-BrBNA | ||
| 005 | 20231205083651.0 | ||
| 007 | ta | ||
| 008 | 230509b bl.|||p| |||| 00| 00por d | ||
| 040 |
_aBR-BrBNA _bpor _cBiblioteca Nacional de Agricultura |
||
| 041 | _a(Pt) | ||
| 072 | _aE15; F00; H60 | ||
| 100 | 1 | _aBresolin, M. | |
| 100 | 1 | _aSutili, V.R. | |
| 100 | 1 | _aWinhler, E.I.G. | |
| 100 | 1 | _aPons, A.L. | |
| 245 | 1 | _aSituacao da cultura do milho no estado do Rio Grande do Sul [Zea mays, produtividade, erva daninha, pratica cultural, Brasil] | |
| 650 | _aPRODUTIVIDADE | ||
| 650 | _aMILHO | ||
| 650 | _aPRATICA CULTURAL | ||
| 650 | _aERVA DANINHA | ||
| 650 | _aRIO GRANDE DO SUL | ||
| 773 | 0 |
_tIPAGRO Informa (Brazil) _xISSN 0100-3410 _g(Sep 1978), (no. 20) p. 7-19 _wBR7901726 |
|
| 909 |
_a202311 _bLúcia _c55 _dLúcia Elande |
||
| 942 |
_2AGRIS _n0 _cANA |
||
| 999 |
_c100432 _d100432 |
||